Strata for randomized experiments.

Zavedenie pojmu vrstiev, ich použitie a význam pre zlepšenie výsledkov experimentov, používajúcich náhodné čísla.

Salvato in:
Dettagli Bibliografici
Autore principale: Bailey, R.A
Natura: Capitolo di libro
Lingua:inglese
Soggetti:
Tags: Aggiungi Tag
Nessun Tag, puoi essere il primo ad aggiungerne!!

MARC

LEADER 00000naa a2200000 4500
001 r007298
005 20221213085133.6
041 0 |a eng 
044 |a GB 
245 1 0 |a Strata for randomized experiments.  |c R.A. Bailey 
520 |a Zavedenie pojmu vrstiev, ich použitie a význam pre zlepšenie výsledkov experimentov, používajúcich náhodné čísla. 
610 2 0 |a metódy matematicko-štatistické 
610 2 0 |a experimenty 
610 2 0 |a matematika 
100 1 |a Bailey, R.A.